Язычество древней Руси (Запис № 388817)
[ простий вигляд ]
| 000 -Лідер | |
|---|---|
| fixed length control field | 03494nam a22002657a 4500 |
| 001 - Контрольний номер | |
| control field | 102830 |
| 003 - Ідентифікатор контрольного номера | |
| control field | UA-OsUOA |
| 005 - Дата та час останнього входження (трансакції) | |
| control field | 20230131142139.0 |
| 007 - Фіксоване поле фізичного опису | |
| fixed length control field | ta |
| 008 - Елементи даних фіксованої довжини – загальна інформація | |
| fixed length control field | 20131003b un ||||| |||| 00| 0 ukr d |
| 040 ## - Джерело каталогізації | |
| Агенція оригінальної каталогізації | UA-OsUOA |
| Мова каталогізації | rus |
| Агенція, яка здійснювала перезапис | UA-OsUOA |
| Агенція, яка здійснювала модифікацію | UA-OsUOA |
| 041 ## - Код мови | |
| Код мови тексту/ звукової доріжки чи окремого заголовка (П) | rus |
| 080 ## - Індекс Універсальної десяткової класифікації | |
| Індекс Універсальної десяткової класифікації (УДК) (НП) | 2(091)(477) |
| 090 ## - Локальний шифр розміщення | |
| Класифікаційний індекс УДК | 2(091)(477) |
| Авторський знак (НП) | Р93 |
| 100 ## - Основне введення – ім’я особи | |
| Ім’я особи (НП) | Рыбаков Б. А. |
| 110 ## - Наймення організації – загальна інформація | |
| Найменування колективу або юрисдикції як початковий елемент введення | Академия наук СССР |
| Структурний підрозділ | Отделение истории |
| 245 ## - Відомості про назву | |
| Назва (НП) | Язычество древней Руси |
| Дані про відповідальність (НП) | Б. А. Рыбаков |
| 260 ## - Публікація, розповсюдження і т.п. (Вихідні дані) | |
| Місце публікації, розповсюдження і т.п. (П) | М. |
| Ім’я/ наймення видавництва, розповсюджувача і т.п. (П) | Наука |
| Дата публікації, розповсюдження і т.п. (П) | 1987 |
| 300 ## - Фізичний опис | |
| Обсяг | 784 с. |
| 520 ## - Резюме і т.п. | |
| Резюме, реферат, анотація, тощо (НП) | Эта книга является прямым продолжением, как бы вторым томом, моего исследования «Язычество древних славян», вышедшего в 1981 г. В первой книге автора интересовали прежде всего глубокие корни тех народных религиозных представлений, которые охватываются неопределённым термином «язычество».<br/><br/>При выяснении этих корней и глубины народной памяти приходилось широко пользоваться не только отрывочными сведениями об археологических реалиях древности, но и данными народного искусства и фольклора XIX в. и средневековыми поучениями против язычества, написанными в XI-XIII вв. Эти экскурсы в более поздние эпохи служили только одной цели - помочь выяснению первичных форм мифологии, её истоков и, насколько это было возможно, определению времени возникновения тех или иных религиозно-мифологических представлений. Углубление в палеолит или энеолит не являлось самоцелью и отнюдь не означало полной и всесторонней обрисовки представлений этих эпох. Автору важно было показать, что элементы мировоззрения глубочайшей древности сохранились в крестьянской среде России вплоть до XIX, а кое в чем и до начала XX в. Это давало право широко использовать такой драгоценный материал, как этнографический, для всех промежуточных эпох.<br/><br/>Данный, второй, том посвящен, во-первых, анализу восточнославянского язычества на протяжении всего I тысячелетия нашей эры вплоть до встречи с христианством; во-вторых, здесь будет рассмотрен сложный симбиоз древней народной религии с привнесенным извне христианством. |
| 650 #7 - Додаткове предметне введення – тематичний термін | |
| Тематичний термін чи географічна назва, як елемент введення (НП) | 2 Релігія |
| Джерело заголовка чи терміна | UDC |
| 942 ## - Додаткові елементи входу (Коха) | |
| Тип елемента Koha | Книги |
| Source of classification or shelving scheme | Universal Decimal Classification |
| 955 ## - Код типу видання за змістом | |
| Код типу видання за змістом (НП) | Наукові видання |
| Стан вилучень | Стан втрат | Джерело класифікації або схеми стелажів | Стан уражень | Не для кредиту | Код колекції | Постійне місце розташування | Поточне розміщення | Дата придбання | Джерело придбання | Вартість, звичайна ціна покупки | Інвентарний номер | Усього замовленно | Повний номер виклику | Штрих-код | Дата останнього перегляду | Дата останньої перевірки | Ціна ефективна від | Тип елемента Koha | Вартість, ціна заміни |
|---|---|---|---|---|---|---|---|---|---|---|---|---|---|---|---|---|---|---|---|
| Universal Decimal Classification | Колекція Жулинського М.Г. | АБ - Абонемент НБ | Наукова бібліотека НаУОА | 03/10/2013 | 51/2013 | 40.00 | 143602 | 1 | 2(091)(477) Р93 | 143602 | 23/01/2023 | 06/12/2019 | 03/10/2013 | Книги | |||||
| Universal Decimal Classification | ЧЗ - Читальна зала | ЧЗ - Читальна зала | 23/01/2023 | №3/17.01.2023 | 40.00 | 2(091)(477) Р93 | 165405 | 23/01/2023 | 23/01/2023 | Книги | 40.00 |